| 000 | 00392nam a2200169Ia 4500 | ||
|---|---|---|---|
| 001 | 21682 | ||
| 003 | GE_BSU | ||
| 008 | 181216s||||||||xx |||||||||||||| ||und|| | ||
| 040 | _cGE_BSU | ||
| 245 | 4 | _aThe Economist, December 2nd-8th 2017 | |
| 245 | _bNumber 8862 | ||
| 260 | _aParis | ||
| 260 | _c2017 | ||
| 300 | _a82 p. 27cm. | ||
| 653 | _aThe Economist, December 2nd-8th 2017 | ||
| 942 | _cCR | ||
| 999 |
_c54615 _d54615 |
||